000 00566nam a2200205Ia 4500
005 20250923145915.0
008 008 250917s9999 xx 000 0 eng d
037 _aTextual
040 _aDSWL
_beng
_cDSWL
041 _aeng
_2eng
084 _aYX;5-7z7, N58
_qDSWL
100 _aTitmuss, R.M.
_9840177
245 0 _aEssays on the welfare state
_c by R.M. Titmuss
260 _aLondon
_b Allen & University
_c1968
300 _a232p.
365 _aINR
_b20.00
925 _g20.00
942 _cTEXL
_hYX;5-7z7, N58
999 _c1457198
_d1457198